000 00224nam a22000857a 4500
008 170603b xxu||||| |||| 00| 0 eng d
100 _93220
_aGupta. S
245 _aTowards Moral Glowth
260 _aNew Delhi
_bAsha Publication
_c2005
999 _c6533
_d6533